• 首页
  • 本馆介绍
  • 公告通知
  • 最新文献
  • 馆藏检索
  • 电子资源
  • 读者导购
  • 参考咨询
  • 我的图书馆
  • 登录
  • 详细信息显示
  • 放入我的书架
  • 预约/预借图书
  • 作者相关作品
  • 分类相关作品
  • 丛书相关作品
  • 出版社相关作品

书目信息

  • 表格格式
  • 工作单格式
  • 卡片格式
题名:
化学动力学和反应器原理
    
 
作者: 唐有祺 著
分册:  
出版信息: 北京   科学出版社  1974.11
页数: 178页
开本: 21cm
丛书名:
单 册:
中图分类: O643.12
科图分类:
主题词: 物理化学 , 量子化学
电子资源:
ISBN:
000 00525nam0 2200193 45
001 0409170817
005 20070801135443.76
010    @dCNY0.70
100    @a20040917d1974 km y0chiy0120 ea
101 0  @achi
200 1  @a化学动力学和反应器原理@AHua Xue Dong Li Xue He Fan Ying Qi Yuan Li@f唐有祺著@FTang You Qi Zhu
210    @a北京@c科学出版社@d1974.11
215    @a178页@d21cm
606 0  @a物理化学
606 0  @a量子化学
690    @aO643.12@v3
701  0 @a唐有祺@4著
801    @aCN@bPftUser@c20070801
905    @dO643.12@e1
    
    化学动力学和反应器原理/唐有祺著.-北京:科学出版社,1974.11
    178页;21cm
    
    
    ISBN :CNY0.70
    
●
相关链接 在E读中查询图书 在五车中查询图书 在当当中查询图书 在豆瓣中查询图书


正题名:化学动力学和反应器原理     索取号:O643.12/1         预约/预借

序号 登录号 条形码 馆藏地/架位号 状态 备注
1 0005665   202312345   密集书库/ [索取号:O643.12/1] 在馆    
2 0095146   001959241   第三借阅区/ [索取号:O643.12/1] 在馆    
3 0095147   000342472   第二样本阅览室/ [索取号:O643.12/1] 在馆    
4 0421488   204214885   密集书库/ [索取号:O643.12/1] 在馆    
5 0434330   204343308   密集书库/ [索取号:O643.12/1] 在馆    
6 0434362   204343629   密集书库/ [索取号:O643.12/1] 在馆    
7 0460992   204609922   密集书库/ [索取号:O643.12/1] 在馆    
8 0460993   204609931   密集书库/ [索取号:O643.12/1] 在馆    
9 0790932   207909325   密集书库/ [索取号:O643.12/1] 在馆    
唐山师范学院图书馆 欢迎您!
大连网信软件有限公司© 版权所有